000 00639nam a2200217 i 4500
001 45534
003 ES-MaACL
005 20230906161231.0
007 t|
008 030326s1975 sp ||||1| spa d
100 1 _aCohen, Leonard.
_939504
245 1 4 _aLos hermanos vencidos /
_cLeonard Cohen ; [traducción Javier Sainz y Susan Hendry].
260 _a[Madrid :
_bFundamentos,
_c1975]
300 _a266 p. ;
_c21 cm.
490 1 _aEspiral. Ficción
700 1 _aSainz, Javier.
_9101571
700 1 _aHendry, Susan.
_962530
830 0 _aEspiral. Ficción
_9182060
852 _aES-MaACL
_jA-7424
_bR.96468
999 _c45534
_d45534